The business solution to poverty (Record no. 152605)
[ view plain ]
| 000 -LEADER | |
|---|---|
| fixed length control field | 02265nam a2200361 a 4500 |
| 082 04 - DEWEY DECIMAL CLASSIFICATION NUMBER | |
| Classification number | 658.5/038 |
| 100 1# - MAIN ENTRY--AUTHOR NAME | |
| Personal name | Polak, Paul. |
| 245 14 - TITLE STATEMENT | |
| Title | The business solution to poverty |
| 250 ## - EDITION STATEMENT | |
| Edition statement | 1st ed. |
| 260 ## - PUBLICATION, DISTRIBUTION, ETC. (IMPRINT) | |
| Place of publication | San Francisco : |
| Name of publisher | Berrett-Koehler Publishers, Inc., |
| Year of publication | 2013. |
| 300 ## - PHYSICAL DESCRIPTION | |
| Number of Pages | xiii, 245 p. : |
| Other physical details | ill. |
| 505 0# - FORMATTED CONTENTS NOTE | |
| Formatted contents note | Preface -- Introduction: eight keys to ending poverty -- Only business can end poverty -- "The poor are very different from you and me" -- What is poverty? -- What can government and philanthropy do? -- Why business is best equipped to fight global poverty -- Zero-based design and the bottom billions -- What to do before you launch your business -- The ruthless pursuit of affordability -- Zero-based design in practice : low-cost drip irrigation -- Design for the market -- Zero-based design in practice : a cautionary tale -- Design for scale -- Zero-based design in practice: safe drinking water for small villages -- Design for delivery the last 500 feet -- Building a mission-driven global business -- Opportunities abound -- It's your turn now -- Resources : takeaways and what we say to critics -- Notes -- Acknowledgments -- About the authors -- Index. |
| 650 #0 - SUBJECT ADDED ENTRY--TOPICAL TERM | |
| Topical Term | Poverty. |
| Topical Term | Social responsibility of business. |
| Topical Term | Industrial management |
| 700 1# - ADDED ENTRY--PERSONAL NAME | |
| Personal name | Warwick, Mal. |
| 856 40 - ELECTRONIC LOCATION AND ACCESS | |
| Uniform Resource Identifier | http://site.ebrary.com/lib/rucke/Doc?id=10723612 |
No items available.
